Statistics for 100 Biggest Cities in the U.S. with a Map

Click here to take the quiz!

General Stats

  • This quiz has been taken 546 times
  • The average score is 69 of 100

Answers on the Map

Answers color-coded by a green-red scale on the quiz's map according to % correct below.
 

Answer Stats

HintStateAnswer% Correct
4MCALos Angeles
97%
788KWASeattle
97%
483KFLMiami
96%
697KMABoston
95%
2.7MILChicago
95%
8.2MNYNew York City
95%
1.3MTXDallas
94%
2.3MTXHouston
94%
676KNVLas Vegas
94%
1.4MCASan Diego
94%
1.6MPAPhiladelphia
93%
666KORPortland
93%
884KCASan Francisco
93%
533KGAAtlanta
92%
760KCODenver
92%
661KMIDetroit
92%
1.8MAZPhoenix
92%
505KMOKansas City
91%
718KDCWashington, D.C.
91%
339KHIHonolulu
90%
893KINIndianapolis
90%
388KLANew Orleans
90%
676KOKOklahoma City
90%
1MTXAustin
89%
939KFLJacksonville
88%
444KMNMinneapolis
88%
682KTNNashville
88%
292KFLOrlando
88%
407KFLTampa
88%
922KOHColumbus
87%
299KPAPittsburgh
86%
374KOHCleveland
85%
651KTNMemphis
85%
531KCASacramento
85%
1.6MTXSan Antonio
84%
280KAKAnchorage
83%
567KMDBaltimore
83%
687KTXEl Paso
83%
587KWIMilwaukee
83%
563KNMAlbuquerque
82%
254KNYBuffalo
81%
925KNCCharlotte
81%
1MCASan Jose
81%
959KTXFort Worth
80%
292KMOSt. Louis
80%
231KIDBoise
79%
309KOHCincinnati
79%
481KNEOmaha
77%
488KNCRaleigh
77%
558KAZTucson
74%
404KOKTulsa
74%
495KCOColorado Springs
73%
615KKYLouisville
73%
234KVARichmond
72%
311KMNSt. Paul
72%
450KVAVirginia Beach
72%
392KKSWichita
70%
283KNJNewark
69%
445KCAOakland
69%
272KNVReno
69%
296KNELincoln
65%
540KCAFresno
64%
265KWIMadison
63%
267KOHToledo
62%
453KCALong Beach
60%
391KCABakersfield
57%
327KTXCorpus Christi
56%
257KNJJersey City
56%
548KAZMesa
56%
268KFLSt. Petersburg
56%
303KNCGreensboro
54%
272KNVNorth Las Vegas
54%
325KKYLexington
53%
401KTXArlington
52%
233KVAArlington
52%
349KCAAnaheim
51%
240KVANorfolk
50%
292KNCDurham
49%
279KINFort Wayne
48%
352KNVHenderson
46%
336KCARiverside
46%
393KCOAurora
44%
266KTXLubbock
43%
252KNCWinston-Salem
43%
304KCAIrvine
42%
315KCAStockton
40%
284KTXPlano
39%
269KAZScottsdale
39%
267KTXLaredo
38%
334KCASanta Ana
37%
260KAZGlendale
36%
273KAZChandler
34%
286KCAChula Vista
34%
235KTXIrving
32%
267KAZGilbert
30%
252KVAChesapeake
27%
235KTXGarland
26%
251KCAFremont
23%
237KTXFrisco
22%
235KNVParadise
20%

Score Distribution

Percentile by Number Answered

Percent of People with Each Score

Your Score History

You have not taken this quiz